Napoleon (Hard) - Statistics

General Stats
  • This quiz has been taken 211 times
  • The average score is 10 of 17
Answer Stats
Hint Answer % Correct
How many years did he study at the Ecole Militaire in Paris? One
99%
How old was Napoleon when he enrolled in the military academy of Brienne? 9
98%
On which island was Napoleon born? Corsica
90%
In what year did Napoleon distinguish himself at the Siege of Toulon? 1793
84%
Year of Napoleons Birth 1769
81%
What year did Napoleon begin his Egyptian Campaign? 1798
80%
In what year was the Napoleonic Code established? 1804
76%
How many Consuls were there after the Coup de 18 Brumaire? 3
72%
In what year did Napoleon sign a Concordat with the Pope? 1801
67%
Name of Napoleon's marshal that became King of Sweden, having married Napoleon's former fiancee Bernadotte
63%
Which nation had control of Corsica prior to selling it to the French? Genoa
55%
Name one battle of Napoleon's Italian Campaign Rivoli, Arcole, Lodi, Montenotte, Mondovi, Rovereto
48%
Which brother of Napoleon arguably ensured the success of the Coup? Lucien
47%
Napoleon unsuccessfully sieged this town in Egypt in 1799 Acre
41%
What was the name of Napoleon's parents? Carlo and Letizia
13%
Name of the event in which Napoleon crushed Royalist insurrection in Paris? 13 Vendemiaire
9%
Napoleon was moved to the 'Bureau of' what in 1795, a part of the Committee of Public Safety? Topography
4%
No matching quizzes found
Score Distribution
Percent of People with Each Score
Percentile by Number Answered
Your Score History
You have not taken this quiz